000 00190nam a2200109Ia 4500
100 _a#N/A
942 _cBK
654 _alinux
245 _alinux
260 _b#N/A
_c2005
546 _aENGLISH
999 _c21989
_d21989